The Arcimboldo effect : transformations of the face from the 16th to the 20th century /

Bibliographic Details
Other Authors: Hultén, Pontus, 1924-2006
Format: Book
Language:English
Published: New York : Abbeville Press, [1987]
Subjects:

MARC

Tag First Indicator Second Indicator Subfields
LEADER 00000cam a2200000 a 4500
001 in00000032154
005 20151007055049.0
008 870206s1987 nyua bc 00100 eng
010 |a  87001002  
020 |a 0896597695 
035 |a (OCoLC)15223426 
035 |9 AAB7120AM 
040 |a DLC  |c DLC  |d TXA  |d UtOrBLW 
043 |a e-it--- 
049 |a TXAM  |c [A11504878] 
050 0 0 |a ND623.A7  |b A4 1987 
082 0 |a 759.5  |2 19 
245 0 4 |a The Arcimboldo effect :  |b transformations of the face from the 16th to the 20th century /  |c edited by Pontus Hulten. 
264 1 |a New York :  |b Abbeville Press,  |c [1987] 
264 4 |c ©1987 
300 |a 402 pages :  |b illustrations (some color) ;  |c 31 cm. 
336 |a text  |b txt  |2 rdacontent 
337 |a unmediated  |b n  |2 rdamedia 
338 |a volume  |b nc  |2 rdacarrier 
504 |a Bibliography: pages 373-379. 
500 |a Includes index. 
600 1 0 |a Arcimboldi, Giuseppe,  |d 1527-1593  |x Exhibitions. 
650 0 |a Painting, Italian  |v Exhibitions. 
650 0 |a Painting  |y 16th century  |z Italy  |x Exhibitions. 
650 0 |a Mannerism (Art)  |z Italy  |x Exhibitions. 
650 0 |a Grotesque in art  |v Exhibitions. 
700 1 |a Hultén, Pontus,  |d 1924-2006. 
999 |a MARS 
999 f f |s 1c2062a1-e06a-3d1b-8f6f-07f104718a01  |i 6a0f2e8d-b709-3c9d-8984-10098af76ed4  |t 0 
952 f f |p normal  |a Texas A&M University  |b College Station  |c Sterling C. Evans Library  |d Evans: Library Stacks  |t 0  |e ND623.A7 A4 1987  |h Library of Congress classification  |i unmediated -- volume  |m A14811504878 
998 f f |a ND623.A7 A4 1987  |t 0  |l Evans: Library Stacks